Anime's (December 2022) - Statistics

General Stats
  • This quiz has been taken 51 times
  • The average score is 27 of 100
Answer Stats
No. Anime % Correct
1. Naruto
87%
26. One piece
83%
4. Death note
80%
25. Attack on titan
70%
21. Demon slayer
70%
27. Hunter x Hunter
70%
68. Black clover
67%
3. Bleach
67%
29. Chainsaw man
63%
46. Jujutsu kaisen
60%
48. My hero academia
60%
53. One punch man
60%
55. Dr stone
57%
58. Fullmetal alchemist
57%
60. Tokyo ghoul
57%
81. Tokyo revengers
57%
19. Haikyuu
53%
67. Black butler
50%
11. Spy x family
50%
54. Sword art online
50%
69. Blue exorcist
47%
47. Fairy tail
47%
2. Naruto Shippuden
47%
10. Assassination classroom
43%
31. Gintama
43%
14. Erased
40%
85. Fire force
40%
37. Seven deadly sins
40%
6. Akame ga kill
37%
49. Angel beats
37%
30. Monster
37%
82. Vinland saga
37%
23. Banana fish
33%
16. Clannad
33%
5. Death parade
33%
59. Fullmetal alchemist brotherhood
33%
7. Kill la kill
33%
64. Mob psycho 100
33%
66. Black lagoon
30%
78. Food wars
30%
18. Free
30%
62. Fruits basket
30%
35. Highschool of the dead
30%
13. Noragami
30%
28. The promised neverland
30%
20. Another
27%
72. Hellsing
27%
63. Kakegurui
27%
40. Spirited away
27%
56. That time I got reincarnated as a slime
27%
22. Yuri on ice
27%
9. Classroom of the elite
23%
52. Durarara
23%
96. Howls moving castle
23%
15. A silent voice
17%
73. Hellsing ultimate
17%
39. Ouran highschool host club
17%
8. Tomodachi game
17%
24. Bungou stray dogs
13%
75. Future diary
13%
45. Kurokos basketball
13%
44. Owari no seraph
13%
86. The devil is a part timer
13%
91. 91 days
10%
36. Deadman wonderland
10%
17. Given
10%
89. sk8 the infinity
10%
93. Terror in resonance
10%
77. The irregular at magic highschool
10%
50. Angels of death
7%
70. Blood lad
7%
83. Daily life of the immortal king
7%
92. Gangsta
7%
12. God of highschool
7%
34. Nanbaka
7%
79. Parasyte: the maxim
7%
33. The daily lives of highschool boys
7%
32. The disastrous life of Saiki.k
7%
65. The great pretender
7%
57. Aho girl
3%
80. Akudama drive
3%
94. Children of the whales
3%
99. Code breaker
3%
51. Dorororo
3%
87. I am sakamoto
3%
84. I want to eat your pancrease
3%
88. Kekkai sensen
3%
38. Moriarty the patriot
3%
71. Sirius the jeager
3%
76. The misfit of demon king academy
3%
98. Vanitas no carte
3%
95. Yasuke
3%
43. Doukyuusei
0%
41. Dramatical murder
0%
61. K project
0%
74. Mew mew power
0%
97. Plunderer
0%
100. Return of kings
0%
42. Sasaki to Miyano
0%
90. World trigger
0%
No matching quizzes found
Score Distribution
Percent of People with Each Score
Percentile by Number Answered
Your Score History
You have not taken this quiz